000 00337nam a2200145Ia 4500
003 OSt
005 20231230104917.0
008 170524s9999 xx 000 0 und d
020 _a9788176484527
040 _cIIMT UNIVERSITY
100 _aCHITKARA- M.G.
245 0 _aEDUCATION AND HUMAN VALUE
260 _bA.P.H. PUB
942 _2ddc
_c02
999 _c9536
_d9536